01425 2200541 4500001002100000005001500021035002000036245012800056100002300184250000600207300003500213700002300248260003400271082001100305084001700316020002200333650001800355990001700373990001700390990001700407990001700424990001700441990001700458990001700475990001700492990001700509990001700526990001700543990001700560990001700577990001700594990001700611990001700628990001700645990001700662990001700679990001700696990001700713990001700730990001700747990001700764990001700781990001700798990001700815990001700832990001700849990001700866INLIS00000000000003220180726020146 a0010-07180000321 aTerjemah Qishah Al Mi'raj :bKajian Tentang Sejarah Kebudayaan Islam /cNajmudin Al Ghaity; Alih Bahasa, Drs. Zaenuri Siroj0 aNajmudin Al Ghaity a- aiv, 68 hlm. :bilus. ;c25 cm.0 aDrs. Zaenuri Siroj aTangerang :bPT Albama,c2009 a297.09 a297.09 NAJ t a978-602-316-910-8 aSejarah Islam a00129/P/2018 a00130/P/2018 a00131/P/2018 a00132/P/2018 a00133/P/2018 a00129/P/2018 a00130/P/2018 a00131/P/2018 a00132/P/2018 a00133/P/2018 a00130/P/2018 a00129/P/2018 a00131/P/2018 a00132/P/2018 a00133/P/2018 a00131/P/2018 a00129/P/2018 a00130/P/2018 a00132/P/2018 a00133/P/2018 a00132/P/2018 a00129/P/2018 a00130/P/2018 a00131/P/2018 a00133/P/2018 a00133/P/2018 a00129/P/2018 a00130/P/2018 a00131/P/2018 a00132/P/2018